| Поле | Инд. | ПП | Название | Значение |
|---|---|---|---|---|
| Тип записи | a | |||
| Библиографический уровень | b | |||
| 001 | Контрольный номер | 2d958d5748db49b59a665014237bba54 | ||
| 005 | Дата корректировки | 20220405162141.6 | ||
| 024 | 80 | a | Стандартный номер | DOI: 10.1088/1751-8121/ab2fed |
| 040 | a | Служба первич. каталог. | Web of Science | |
| 041 | 0_ | a | Код языка текста | eng |
| 097 | a | Костяева О.Г. | ||
| 100 | 1_ | a | Автор | Izmailian N. |
| 100 | 1_ | q | Полное имя | Папоян Владимир Владимирович |
| g | Прочие сведения | РИНЦ AuthorID: 404447 (http://elibrary.ru/author_profile.asp?id= 404447); Scopus Author ID: 6603539363 (https://www.scopus.com/authid/detail.uri?origin=resultslist&authorId=6603539363&zone=) | ||
| u | Дополнение | Папоян В. В.; Papoyan Vl. V. | ||
| a | Автор | Papoyan Vl. V. | ||
| c | Титул (звания) | кандидат физико-математических наук | ||
| i | 000091229 | |||
| k | Кафедра фундаментальных проблем физики микромира; Факультет естественных и инженерных наук | |||
| j | Принадлежность неизвестного автора к последователям, ученикам, сторонникам, школе и т. д. | государственный университет "Дубна" | ||
| 100 | 1_ | a | Автор | Ziff R. M. |
| 245 | 10 | a | Заглавие | Exact finite-size corrections in the dimer model on a planar square lattice |
| 513 | a | передано на оплату | ||
| b | III квартал 2019 года | |||
| 773 | 18 | t | Название источника | Journal of Physics A: Mathematical and Theoretical |
| d | Место и дата издания | 2019 | ||
| b | Сведения об издании | Institute of Physics and IOP Publishing Ltd. | ||
| c | ENGLAND | |||
| m | Специф. данные | входит в Scopus;входит в WoS;Входит в ядро РИНЦ;зарубежный журнал;ненулевой импакт-фактор; | ||
| p | J. Phys. A-Math. Theor. | |||
| o | Прочие индексы | wos 1.865, scopus 1.45 | ||
| x | ISSN | 1751-8113 | ||
| q | Q1 | |||
| g | Прочая информация | V. 52. - № 33. - P. 335001 | ||
| w | Контрольный № источника | 99d69de53d6a4cc29a4ddad8d6b9762c | ||
| 856 | 40 | u | URL | https://www.elibrary.ru/item.asp?id=41638779 |
| 901 | t | Тип документа | b | |
| 952 | c | Вид литературы | статья в журнале |